Every boy's got one

Bibliographic Details
Main Author: Cabot, Meg
Format: Book
Published: New York : Avon Trade , 2005
Subjects:

MARC

LEADER 00000cam a2200000 7i4500
001 0000008750
005 20070919.0
008 070819
020 |a 0060085460 
090 0 0 |a CAB   |b ENG 
100 1 |a Cabot, Meg 
245 1 0 |a Every boy's got one   |c Meg cabot 
260 |a New York :   |b Avon Trade ,   |c 2005 
650 0 |a American   |z Italy   |x Fiction 
650 0 |a Camera operators   |x Fiction 
650 0 |a English fiction 
650 0 |a Friendship   |x Fiction 
650 0 |a Rieviera (Italy)   |x Fiction 
650 0 |a Wedding   |x Fiction 
650 0 |a Women cartoonist   |x Fiction 
999 |a 0000993004   |b Book   |c Adult Collection   |e Perbadanan Perpustakaan Awam Johor 
999 |a 0000993005   |b Book   |c Adult Collection   |e Perbadanan Perpustakaan Awam Johor